| 000 | 00939 am a22002894a 4500 | ||
|---|---|---|---|
| 999 |
_c17790 _d17762 |
||
| 003 | EG-ScBUE | ||
| 005 | 20210425090000.0 | ||
| 008 | 131030t2011 ii f 000 f eng d | ||
| 020 | _a9789380848068 | ||
| 040 |
_aEG-ScBUE _beng _erda _cEG-ScBUE _dEG-ScBUE |
||
| 082 | 0 | 4 |
_a823.7 _bAUS _222 |
| 100 | 1 |
_aAusten, Jane, _d1775-1817, _eauthor. _929952 |
|
| 245 | 1 | 0 |
_aSense & sensibility : _bcomplete and unabridged / _cJane Austen. |
| 246 | 3 |
_aSense and sensibility : _bcomplete and unabridged |
|
| 264 | 1 |
_aNew Delhi : _bBlueberry Books, _c[2011] |
|
| 264 | 1 | _cc2011 | |
| 300 |
_a422 pages ; _c20 cm |
||
| 336 |
_2rdacontent _atext _btxt |
||
| 337 |
_2rdamedia _aunmediated _bn |
||
| 338 |
_2rdacarrier _avolume _bnc |
||
| 590 | _aBook for the road program. | ||
| 650 | 7 |
_aEnglish fiction _y19th century. _2BUEsh _919749 |
|
| 651 | _2BUEsh | ||
| 653 |
_cDecember2013 _bHHUUEENN |
||
| 655 |
_vReading book _934232 |
||
| 942 |
_2ddc _cBB _k823 AUS |
||